000 00543nam a2200193Ia 4500
008 151121s9999||||xx |||||||||||||| ||und||
082 _a813-/नांगरे
082 _bHNW-13844
100 _aनांगरे बलराम
245 _aअंतर
260 _bपाठक गं। रा। पुणे।
260 _c--
300 _a120
600 _aनांगरे बलराम
630 _aअंतर
700 _aनांगरे बलराम
730 _aअंतर
942 _cBOOK
999 _c1217710
_d1217707